Elogio histórico del doctor en farmacia D. Pedro Calvo Asensio : (Record no. 161415)

MARC details
000 -LEADER
campo de control de longitud fija 00796nam a22001815i 4500
001 - NÚMERO DE CONTROL
campo de control 161415
003 - IDENTIFICADOR DE NÚMERO DE CONTROL
campo de control ES-MaACL
005 - FECHA Y HORA DE LA ÚLTIMA TRANSACCIÓN
campo de control 20251113164206.0
008 - DATOS DE LONGITUD FIJA--INFORMACIÓN GENERAL
campo de control de longitud fija 990427s1869 sp |||| | spa d
080 ## - NÚMERO DE LA CLASIFICACIÓN DECIMAL UNIVERSAL
Número de la Clasificación Decimal Universal 929 Calvo Asensio, Pedro
100 1# - ENTRADA PRINCIPAL--NOMBRE DE PERSONA
Nombre de persona Pardo y Bartolini, Manuel.
9 (RLIN) 130838
245 10 - MENCIÓN DEL TÍTULO
Título Elogio histórico del doctor en farmacia D. Pedro Calvo Asensio :
Resto del título leído en la Junta del aniversario 132 de la instalación del Colegio de Farmacéuticos de Madrid /
Mención de responsabilidad, etc. por Manuel Pardo y Bartolini.
260 ## - PUBLICACIÓN, DISTRIBUCIÓN, ETC.
Lugar de publicación, distribución, etc. Madrid :
Nombre del editor, distribuidor, etc. [s.n.],
Fecha de publicación, distribución, etc. 1869 (
Fabricante Imp. de José M. Ducazcal)
300 ## - DESCRIPCIÓN FÍSICA
Extensión [8], 62 p. ;
Dimensiones 20 cm.
600 17 - PUNTO DE ACCESO ADICIONAL DE MATERIA--NOMBRE DE PERSONA
Nombre de persona Calvo Asensio, Pedro,
Fechas asociadas al nombre 1821-1863
Fuente del encabezamiento o término
9 (RLIN) 140024
852 4# - LOCALIZACIÓN
Ubicación ES-MaACL
Número de control de estantería T-106-F-5
Nota libre - Enc. hol., falto de cub. original
-- - Enc. en un vol. facticio
Holdings
Estatus retirado Estado de pérdida Estado de daño No para préstamo Colección Biblioteca de origen Biblioteca actual Ubicación en estantería Fecha de adquisición Total de préstamos Signatura topográfica completa Código de barras Visto por última vez Precio de reemplazo Tipo de ítem Koha
        Colección de folletos Biblioteca del Ateneo de Madrid Biblioteca del Ateneo de Madrid Depósito folletos 17/01/2008   T-106-F-5 1169079 23/02/2023 23/02/2023 Folleto